| 000 | 00584nam a2200229Ia 4500 | ||
|---|---|---|---|
| 003 | OSt | ||
| 005 | 20220924143914.0 | ||
| 006 | a|||||r|||| 00| 0 | ||
| 007 | ta | ||
| 008 | 220923b |||||||| |||| 00| 0 urd d | ||
| 024 | _a310797 | ||
| 037 | _cTextual | ||
| 040 |
_aARTS _cARTS _burd |
||
| 041 |
_2urd _aurd |
||
| 082 | _aO16:g(S:521), J5 | ||
| 100 |
_aWazeer Aagha _9216813 |
||
| 245 | 0 | _aUrdu adab mein tanz-wo-mazah | |
| 260 | _c1955 | ||
| 650 | _aURDU LITERATURE | ||
| 942 |
_hO16:g(S:521), J5 _cTEXL _2CC |
||
| 999 |
_c455770 _d455770 |
||